Entry Personal Name
Number of records used in: 1
001 - CONTROL NUMBER
003 - CONTROL NUMBER IDENTIFIER
005 - DATE AND TIME OF LATEST TRANSACTION
- control field:
20210702134133.0
008 - FIXED-LENGTH DATA ELEMENTS
- fixed length control field:
890207n| acannaab| |n aaa |||
010 ## - LIBRARY OF CONGRESS CONTROL NUMBER
- LC control number:
n 88244025
040 ## - CATALOGING SOURCE
- Original cataloging agency:
DLC
- Transcribing agency:
DLC
100 10 - HEADING--PERSONAL NAME
- Personal name:
Strayer, James K.
670 ## - SOURCE DATA FOUND
- Source citation:
His Linear programming and its applications, c1989:
- Information found:
CIP t.p. (James K. Strayer) t.p. verso (Dept. of Mathematics, Lock Haven Univ., Lock Haven, PA)